| LEADER | 00751nab#a2200301#ar4500 | ||
|---|---|---|---|
| 001 | 000017213 | ||
| 003 | SVKKK | ||
| 005 | 00000000000000.0 | ||
| 008 | c xo e sloo | ||
| FMT | |||
| 038 | |a SVKKK | ||
| 040 | |a SVKKK |b slo |e AACR2 | ||
| 041 | 0 | |a slo | |
| 044 | |a xo |c SK | ||
| 080 | |a 09"14 |2 1981 | ||
| 100 | 1 | |a Kočiš, G.J. |4 aut | |
| 245 | 1 | 0 | |a Šarišskí skriptori a iluminátori : |b Východoslovenský región |c Kočiš G.J., |
| 650 | 0 | 4 | |a skriptori |
| 650 | 0 | 4 | |a Šariš (PO, BJ) |x stor. 15. |x práce |x autori |x opisy |
| 773 | 0 | |t Lúč |g Roč. 7, č. 18(1998), dát. 0123, s. 9 | |
| 957 | |a Šariš | ||
| 958 | |a BJ | ||
| 958 | |a PO | ||
| 974 | |d 980415 |a Čr | ||
| 992 | |a RBX | ||
| BAS | |||
| 852 | |a SVKKK |b BIB | ||
| 998 | |a REG | ||